| 000 | 00937nam a2200241 i 4500 | ||
|---|---|---|---|
| 001 | 185958 | ||
| 003 | SpMaBN | ||
| 005 | 20250804011347.0 | ||
| 008 | 160830s1989 sp |||| |dspa d | ||
| 020 | _a84-206-0397-X | ||
| 080 | _a929 Leibniz, Gottfried Wilhelm, Freiherr von | ||
| 100 | 1 |
_aLeibniz, Gottfried Wilhelm _cFreiherr von. _971367 |
|
| 245 | 1 | 0 |
_aFilosofía para princesas / _cG.W. Leibniz ; prólogo 1ª edición y notas de Javier Echeverría. |
| 260 |
_aMadrid : _bAlianza Editorial, _c1989. |
||
| 300 |
_a180 p. ; _c18 cm. |
||
| 490 | 1 |
_aEl libro de bolsillo ; _v1397. _aClásicos |
|
| 504 | _aBibliografía: p. 173-177. | ||
| 600 | 1 | 7 |
_aLeibniz, Gottfried Wilhelm, Freiherr von- _vCorrespondencia. _9160627 |
| 700 | 1 |
_aEcheverria, Javier. _946574 |
|
| 830 | 0 | 3 |
_aEl libro de bolsillo. _pClásicos _v1397. _9179723 |
| 852 |
_aES-MaACL _jL-30578 _z. - Donat. Miguel A. Velasco |
||
| 999 |
_c185958 _d185958 |
||